|
|
|
|
| LEADER |
01548nam a2200373Ia 4500 |
| 001 |
EBC410649 |
| 003 |
MiAaPQ |
| 005 |
20200520144314.0 |
| 006 |
m o d | |
| 007 |
cr cn||||||||| |
| 008 |
140716s2004 ne sb 000 0 eng d |
| 020 |
|
|
|z 9053567127 (pbk.)
|
| 035 |
|
|
|a (MiAaPQ)EBC410649
|
| 035 |
|
|
|a (Au-PeEL)EBL410649
|
| 035 |
|
|
|a (CaPaEBR)ebr10077295
|
| 035 |
|
|
|a (CaONFJC)MIL95908
|
| 035 |
|
|
|a (OCoLC)437089601
|
| 040 |
|
|
|a MiAaPQ
|c MiAaPQ
|d MiAaPQ
|
| 050 |
|
4 |
|a HC241.25.T9
|b W4813 2004
|
| 110 |
2 |
|
|a Wetenschappelijke Raad voor het Regeringsbeleid (Netherlands)
|
| 240 |
1 |
0 |
|a Europese Unie, Turkije en de islam.
|l English
|
| 245 |
1 |
4 |
|a The European Union, Turkey and Islam
|h [electronic resource] /
|c WRR, Scientific Council for Government Policy.
|
| 260 |
|
|
|a Amsterdam :
|b Amsterdam University Press,
|c 2004.
|
| 300 |
|
|
|a 174 p.
|
| 500 |
|
|
|a Includes the survey Searching for the fault line by E.J. Zurcher and H. van der Linden.
|
| 504 |
|
|
|a Includes bibliographical references (p. 171-173).
|
| 533 |
|
|
|a Electronic reproduction. Ann Arbor, MI : ProQuest, 2015. Available via World Wide Web. Access may be limited to ProQuest affiliated libraries.
|
| 610 |
2 |
0 |
|a European Union
|z Turkey.
|
| 650 |
|
0 |
|a Islam and politics
|z Turkey.
|
| 651 |
|
0 |
|a European Union countries
|x Religion.
|
| 655 |
|
4 |
|a Electronic books.
|
| 700 |
1 |
|
|a Zurcher, Erik Jan.
|t Searching for the fault line.
|
| 710 |
2 |
|
|a ProQuest (Firm)
|
| 856 |
4 |
0 |
|u https://ebookcentral.proquest.com/lib/matrademy/detail.action?docID=410649
|z Click to View
|